| 000 | 00895cam a2200289 a 4500 | ||
|---|---|---|---|
| 001 | 17057254 | ||
| 003 | ASAB | ||
| 005 | 20180827062631.0 | ||
| 008 | 111125s2012 maua 001 0 eng | ||
| 010 | _a 2011046710 | ||
| 020 | _a978-81-317-2850-5 | ||
| 040 |
_aDLC _cASAB |
||
| 042 | _apcc | ||
| 050 | 0 | 0 |
_aTP248.2 _b.T49 2012 |
| 082 | 0 | 0 |
_a660.6 _223 |
| 100 | 1 |
_aThieman, William J. _91836 |
|
| 245 | 1 | 0 |
_aIntroduction to biotechnology / _cWilliam J. Thieman, Michael A. Palladino. |
| 250 | _a3rd ed. | ||
| 260 |
_aBoston : _bPEARSON, _c2012. |
||
| 300 |
_axviii, 340 p. : _bill. ; _c29 cm. |
||
| 500 | _aIncludes index. | ||
| 650 | 0 |
_aBiotechnology. _91837 |
|
| 700 | 1 |
_aPalladino, Michael Angelo. _91838 |
|
| 906 |
_a7 _bcbc _corignew _d1 _eecip _f20 _gy-gencatlg |
||
| 942 |
_2ddc _cBK |
||
| 999 |
_c480086 _d480086 |
||